Statystyki dla Tajemniczy Szlak Stolic Świata

Kliknij tutaj aby rozwiązać quiz!

Ogólne statystyki

  • Ten quiz został rozwiązany 57 razy
  • Średni wynik to 10 z 35

Odpowiedzi na mapie

Odpowiedzi skodowane kolorowo w zielono-czerwonej skali na mapie do tego quizu, zgodnie z poniższymi procentami.
 

Statystyki odpowiedzi

#Stolica% Poprawnych
StartMoskwa
100%
1Ankara
81%
2Teheran
68%
3Kabul
47%
5Kair
45%
4Kuwejt
45%
8Londyn
45%
7Madryt
45%
9Oslo
45%
6Ateny
43%
10Reykjavík
43%
11Tegucigalpa
32%
12Georgetown
30%
14Luanda
30%
13Quito
30%
15Dżuba
23%
17Abu Zabi
19%
19Bangkok
19%
20Manila
19%
18Nowe Delhi
19%
21Ułan Bator
19%
16Victoria
19%
22Pekin
17%
23Tajpej
17%
24Tokio
17%
25Port Moresby
15%
26Wellington
15%
KoniecKapsztad
13%
27Singapur
13%
28Male
11%
29Antananarywa
9%
31Asunción
9%
30Dodoma
9%
33Santiago
9%
32Sucre
9%

Rozkład punktacji

Percentyl według liczby udzielonych odpowiedzi

Procent ludzi z każdym wynikiem

Twoja historia wyników

Nie rozwiązałeś tego quizu